Estadísticas para Gastronomía mexicana

Haz click aquí para intentar la prueba.

Estadísticas generales

  • Esta prueba ha sido intentada 11 veces
  • La puntuación promedio es 10 de 16

Estadísticas de respuestas

Respuesta% Correcto
pozole
91%
tamal
91%
birria
82%
chilaquiles
82%
mole
73%
pan de muerto
73%
concha
64%
tacos al pastor
64%
tacos de cochinita pibil
64%
aguachile
55%
tacos de canasta
55%
torta ahogada
55%
chapulines
45%
chile en nogada
27%
tlayuda
27%
mango con chamoy
9%

Distribución de puntuación

Porcentaje por número respondido

Porcentaje de gente con cada puntuación

Historial de tus puntuaciones

No has intentado esta prueba.